| 000 | 00616nam a2200217Ia 4500 | ||
|---|---|---|---|
| 005 | 20241129110233.0 | ||
| 008 | 241129s9999||||xx |||||||||||||| ||und|| | ||
| 020 | _a978-93-82775-03-4 | ||
| 037 | _aTB | ||
| 040 |
_aARTS _beng _cARTS |
||
| 041 |
_aeng _2urd |
||
| 084 |
_aNT44wN23 Q3 _qARTS |
||
| 100 |
_aMasud al Haq Tr. _9727533 |
||
| 245 | 0 |
_aTehreerin, taqreerin, batein aur mulaqatein _cMasud al Haq Tr. |
|
| 260 |
_aDelhi, India _bkitab ghar _c2013 |
||
| 300 | _a383p. | ||
| 365 |
_aINR _b180 |
||
| 650 |
_aArtsTheatre-India _9727311 |
||
| 942 |
_cTB _hNT44wN23 Q3 |
||
| 999 |
_c1227835 _d1227835 |
||